Villes d'Ukraine les 10 plus grandes - Statistiques

Statistiques générales
  • Ce quiz a été pris 165 fois
  • Le résultat moyen est 6 sur 10
Statistiques - réponses
Populations Villes % Correct
2,8 M Kiev
100%
1 M Odessa
85%
1,4 M Kharkiv
83%
949 K Donetsk
81%
729 K Lviv
76%
458 K Marioupol
70%
993 K Dnipro
58%
766 K Zaporijia
42%
494 K Mykolaïv
20%
652 K Kryvy Rih
3%
Aucun quiz correspondant
Distribution des résultats
% des personnes avec chaque résultat
Percentile par nombre de réponses
Votre historique - résultats
Vous n’avez pas pris ce quiz